| 000 | 00481nam a2200193Ia 4500 | ||
|---|---|---|---|
| 001 | 14821 | ||
| 008 | 140403s9999 xx 000 0 und d | ||
| 020 | _a0-471-59759-7 | ||
| 040 | _cPK-LaUMT | ||
| 082 |
_a 657.044 _bKIE-I |
||
| 100 | _aKieso, Donald E. | ||
| 245 |
_aIntermediate accounting _cKieso, Donald E.<>Weygandt, Jerry J., J.A. |
||
| 260 | _c1995 | ||
| 300 | _a1412 p. | ||
| 546 | _aEN | ||
| 650 | _aAccounting | ||
| 700 | _aWeygandt, Jerry J., J.A. | ||
| 942 | _cBK | ||
| 999 |
_c15389 _d15389 |
||